000 02849nam a22002774a 4500
003 BOLpUSFA
005 20260407144645.0
008 t bo gr 000 f spa d
040 _aBOLpUSFA
041 _aspa
044 _aBO
082 _aADM0041
_bH874aPG
100 _aHuaylluco Carrillo, Juan Pablo
245 _aAnálisis de factibilidad para la creación de una microempresa dedicada a la comercialización de semillas agrícolas como alternativa de desarrollo económico local sostenible en el Municipio ecológico productivo de Achocalla
260 _aEl Alto:
_bUniversidad Privada San Francisco de Asís. Carrera de Administración de Empresas,
_c2025
300 _a199 p.
502 _aModalidad: Proyecto de Grado - Tutor: Ing. Carlos Villarroel Prieto
520 _aEl presente proyecto de grado tiene por objetivo demostrar la factibilidad de creación de la microempresa Semillas KAWSAY, dedicada a la comercialización de semillas agrícolas nativas, en el Municipio Ecológico Productivo de Achocalla, departamento de La Paz. La propuesta se fundamenta en el aprovechamiento de variedades como tomate, lechuga, arveja, maíz andino, quinua real, cañahua, tarwi y semillas ornamentales, enfocándose en la valorización de la producción local, la soberanía alimentaria y la agroecología. A través de un diagnóstico de mercado, se identificó una demanda creciente de insumos agrícolas en el municipio, así como limitaciones en la oferta formal y especializada. Se elaboró un plan administrativo con base en el proceso de planeación, organización, dirección y control, estableciendo una estructura funcional eficiente. El plan de marketing contempla las 4P (producto, precio, plaza y promoción), priorizando canales digitales, ferias productivas y puntos de venta estratégicos en Achocalla, El Alto y La Paz. La inversión inicial requerida asciende a 124.587 Bs, contemplando infraestructura, activos fijos, activos intangibles y capital de trabajo. Los resultados financieros reflejan alta viabilidad: el punto de equilibrio se alcanza el primer año, el VAN es de 624.728 Bs, la TIR alcanza el 145%, la relación B/C es 6,01, y la inversión se recupera en 6 meses. En conclusión, Semillas KAWSAY representa una propuesta rentable, sostenible y de impacto positivo en el desarrollo local, promoviendo prácticas agrícolas responsables y generando empleo digno en la zona rural y periurbana de La Paz.
650 _aAdministración de Empresas
650 _aProyecto de Grado
650 _aEstudio de factibilidad
650 _aSemillas
650 _aAlimentos
651 _aEl Alto
942 _2ddc
_cTE
_zLLO
999 _c9689
_d9689